Climate change causes, effects and solutions
محفوظ في:
| المؤلف الرئيسي: | |
|---|---|
| التنسيق: | كتاب |
| اللغة: | Undetermined |
| منشور في: |
London
John Wiley & Sons
2003
|
| الموضوعات: | |
| الوسوم: |
إضافة وسم
لا توجد وسوم, كن أول من يضع وسما على هذه التسجيلة!
|
| Thư viện lưu trữ: | Trung tâm Học liệu Trường Đại học Cần Thơ |
|---|
| LEADER | 00599nam a2200205Ia 4500 | ||
|---|---|---|---|
| 001 | CTU_82858 | ||
| 008 | 210402s9999 xx 000 0 und d | ||
| 020 | |c 43.65 | ||
| 082 | |a 551.6 | ||
| 082 | |b H268 | ||
| 100 | |a Hardy, John T. | ||
| 245 | 0 | |a Climate change causes, effects and solutions | |
| 245 | 0 | |c John T. Hardy | |
| 260 | |a London | ||
| 260 | |b John Wiley & Sons | ||
| 260 | |c 2003 | ||
| 650 | |a Climatic changes,Climatic changes,Nature | ||
| 650 | |x Environmental aspects,Effect of human beings on | ||
| 904 | |i Năm, QHieu | ||
| 980 | |a Trung tâm Học liệu Trường Đại học Cần Thơ | ||